Date de mandat aléatoire par président américain - Statistiques

Statistiques générales
  • Ce quiz a été pris 29 fois
  • Le résultat moyen est 5 sur 10
Statistiques - réponses
Date de mandat President % Correct
1861 - 1865 Abraham Lincoln
100%
2017 - 2021 Donald Trump
100%
2001 - 2009 George W. Bush
100%
2021 - Joe Biden
100%
1969 - 1974 Richard Nixon
100%
1981 - 1989 Ronald Reagan
100%
2009 - 2017 Barack Obama
80%
1933 - 1945 Franklin Roosevelt
75%
1977 - 1981 Jimmy Carter
75%
1974 - 1977 Gerald Ford
67%
1889 - 1893 Benjamin Harrison
60%
1945 - 1953 Harry Truman
60%
1901 - 1909 Theodore Roosevelt
60%
1993 - 2001 Bill Clinton
50%
1953 - 1961 Dwight Eisenhower
50%
1789 - 1797 George Washington
50%
1857 - 1861 James Buchanan
50%
1809 - 1817 James Madison
50%
1825 - 1829 John Quincy Adams
50%
1837 - 1841 Martin Van Buren
50%
1801 - 1809 Thomas Jefferson
50%
1921 - 1923 Warren Harding
50%
1897 - 1901 William McKinley
50%
1909 - 1913 William Taft
50%
1817 - 1825 James Monroe
43%
1797 - 1801 John Adams
43%
1881 James Garfield
40%
1885 - 1889 Grover Cleveland
33%
1963 - 1969 Lyndon Johnson
33%
1841 William Henry Harrison
33%
1913 - 1921 Woodrow Wilson
33%
1865 - 1869 Andrew Johnson
25%
1929 - 1933 Herbert Hoover
25%
1961 - 1963 John F. Kennedy
25%
1849 - 1850 Zachary Taylor
25%
1850 - 1853 Millard Fillmore
20%
1989 - 1993 George H. W. Bush
17%
1829 - 1837 Andrew Jackson
0%
1923 - 1929 Calvin Coolidge
0%
1881 - 1885 Chester A. Arthur
0%
1853 - 1857 Franklin Pierce
0%
1893 - 1897 Grover Cleveland
0%
1845 - 1849 James K. Polk
0%
1841 - 1845 John Tyler
0%
1877 - 1881 Rutherford B. Hayes
0%
1869 - 1877 Ulysses S. Grant
0%
Aucun quiz correspondant
Distribution des résultats
% des personnes avec chaque résultat
Percentile par nombre de réponses
Votre historique - résultats
Vous n’avez pas pris ce quiz